000 00659nam a22002057a 4500
005 20240823142822.0
010 _aENG-132569 ENG-141440
020 _a9788178246468
_c1095
020 _a9788178246895
_c895.00
035 _aEN-116101
035 _aEN-124972
037 _bDBAD
082 _a303.482469054
100 _aXavier, Angela Barreto
_970518
245 _aReligion Empire:
_bIn Portuguese India/
_cBy Angela Barreto Xavier
260 _aRanikhet
_bPermanent Black
_c2022
270 _aHimalayana Mall Road,Ranikhet Cantt,
_bRanikhet
_e263645
300 _axviii,407p.
_c22cm,(hbk)
_bIndex
942 _2ddc
_cEN
_h303.482469054
_mXAV
999 _c188066
_d188066